000 00495nam a2200169Ia 4500
003 LK-CoDNM
005 20240807094434.0
008 010623t1811 xxu||||| |||| 00| 1 eng d
040 _aLK-CoDNM
_dLK-CoDNM
_eLK-CoDNM
041 _aeng
080 _a16
_bR7
100 _aValentia,George Viscount.
245 _aVoyages and Travels to India,Ceylon the red Sea Abyssinia and Egypt in the year 1802-1806
260 _bF.C.J Rivington
_aLondon
_c1811
300 _biv, 499p. : 21 cm
942 _cBK
999 _c80932
_d80932